[Event "BEL-ch opB"]
[Site "Westerlo"]
[Date "2004.07.??"]
[Round "4"]
[White "Romaszko, Sylwia"]
[Black "Peeters, Tim"]
[Result "1-0"]
[WhiteElo "2096"]
[BlackElo "1847"]
[PlyCount "63"]
[EventDate "2004.07.??"]
[EventType "swiss"]
[EventRounds "9"]
[EventCountry "BEL"]
[SourceTitle "EXT 2005"]
[Source "ChessBase"]
[SourceDate "2004.11.15"]
[SourceVersion "1"]
[SourceVersionDate "2004.11.15"]
[SourceQuality "1"]

1. d4 Nf6 2. c4 e6 3. Nc3 Bb4 4. a3 Bxc3+ 5. bxc3 c5 6. f3 Nc6 7. e4 cxd4 8. cxd4 Nxe4 9. fxe4 Qh4+ 10. Ke2 Qxe4+ 11. Kf2 Nxd4 12. Nf3 Nxf3 13. gxf3 Qh4+ 14. Kg2 b6 15. Be3 Bb7 16. Be2 g5 17. h3 Rg8 18. Bf2 Qf4 19. Bg3 Qe3 20. Bf2 Qe5 21. Bg3 Qb2 22. Qd3 f5 23. Rab1 Qg7 24. Kf1 Rc8 25. Bf2 Bc6 26. Rd1 h5 27. Rg1 Qe5 28. Bg3 Qa5 29. Bf4 g4 30. fxg4 hxg4 31. hxg4 Be4 32. Qxd7+ 1-0

[Event "BL2 West 0203 (Women)"]
[Site "Germany"]
[Date "2002.??.??"]
[Round "4"]
[White "Goldammer, Anne"]
[Black "Romaszko, Sylwia"]
[Result "0-1"]
[WhiteElo "2178"]
[BlackElo "2094"]
[PlyCount "108"]
[EventDate "2002.10.??"]
[EventType "team-tourn"]
[EventRounds "7"]
[EventCountry "GER"]
[SourceTitle "EXT 2006"]
[Source "ChessBase"]
[SourceDate "2005.11.24"]
[SourceVersion "1"]
[SourceVersionDate "2005.11.24"]
[SourceQuality "1"]

1. d4 f5 2. Nf3 g6 3. g3 Bg7 4. Bg2 c6 5. 0-0 Nf6 6. c4 d6 7. Nc3 0-0 8. Qc2 Na6 9. a3 Nc7 10. b3 d5 11. Bb2 Ne4 12. Rad1 Be6 13. Ne5 Rc8 14. e3 Qe8 15. c5 Bxe5 16. Nxe4 dxe4 17. dxe5 Qf7 18. Rd2 Bxb3 19. e6 Qxe6 20. Qc3 Kf7 21. f3 exf3 22. Bxf3 Ke8 23. Re1 Bd5 24. e4 fxe4 25. Bxe4 Bxe4 26. Rde2 Nd5 27. Qd2 Nf6 28. Bxf6 Qxf6 29. Rxe4 Rd8 30. Rxe7+ Qxe7 31. Rxe7+ Kxe7 32. Qb2 Rd7 33. Qg7+ Ke8 34. Qe5+ Kf7 35. Qf4+ Kg8 36. Qa4 a6 37. Qb3+ Rff7 38. Qe6 Rd5 39. Qe8+ Kg7 40. Qe4 Kg8 41. Qe8+ Kg7 42. Qe4 Rfd7 43. Qe6 h5 44. Kg2 Rf7 45. Qe3 Rdf5 46. Qd4+ Kh7 47. Qe3 g5 48. Kh3 Kh6 49. a4 Rf3 50. Qe2 Rf2 51. Qe3 R7f6 52. a5 Rc2 53. g4 Rcf2 54. Kg3 h4+ 0-1

[Event "GER-ch op (Women)"]
[Site "Rodewisch"]
[Date "2000.08.06"]
[Round "9"]
[White "Romaszko, Sylwia"]
[Black "Vasilevich, Tatjana"]
[Result "0-1"]
[WhiteElo "2081"]
[BlackElo "2429"]
[PlyCount "84"]
[EventDate "2000.07.29"]
[EventType "swiss"]
[EventRounds "9"]
[EventCountry "GER"]
[SourceTitle "CBM 077 Extra"]
[Source "ChessBase"]
[SourceDate "2000.09.14"]
[SourceVersion "1"]
[SourceVersionDate "2000.09.14"]
[SourceQuality "1"]

1. d4 Nf6 2. c4 c5 3. d5 g6 4. Nc3 Bg7 5. e4 d6 6. Nf3 0-0 7. h3 e6 8. Bd3 exd5 9. cxd5 b5 10. Nxb5 Re8 11. 0-0 Nxe4 12. Bxe4 Rxe4 13. Ng5 Re7 14. Nc3 h6 15. Nge4 f5 16. Ng3 Nd7 17. Re1 Ne5 18. Nge2 Qe8 19. Bf4 Rb8 20. b3 Ba6 21. Bxe5 Rxe5 22. Rc1 Rb7 23. Qd2 Rbe7 24. Rc2 g5 25. Kf1 Qh5 26. Kg1 g4 27. Rcc1 Qe8 28. Rc2 gxh3 29. gxh3 Qh5 30. Kh2 Qh4 31. Rg1 Bxe2 32. Nxe2 Rxe2 33. Qxe2 Rxe2 34. Rxe2 Kf7 35. Rf1 Be5+ 36. Kg2 f4 37. Ree1 Qg5+ 38. Kf3 Qh5+ 39. Ke4 Qg6+ 40. Kf3 Qd3+ 41. Kg2 f3+ 42. Kh1 Qf5 0-1

[Event "Cannes"]
[Site "Cannes"]
[Date "1999.??.??"]
[Round "1"]
[White "Acher, Mathieu"]
[Black "Romaszko, Sylwia"]
[Result "0-1"]
[WhiteElo "2232"]
[BlackElo "2079"]
[PlyCount "56"]
[EventDate "1999.02.??"]
[EventType "k.o."]
[EventRounds "7"]
[EventCountry "FRA"]
[SourceTitle "EXT 2000"]
[Source "ChessBase"]
[SourceDate "1999.11.16"]
[SourceVersion "1"]
[SourceVersionDate "1999.11.16"]
[SourceQuality "1"]

1. e4 e5 2. f4 Bc5 3. Nf3 d6 4. c3 Nf6 5. d4 exd4 6. cxd4 Bb4+ 7. Bd2 Bxd2+ 8. Nbxd2 0-0 9. Bd3 g6 10. 0-0 Nc6 11. Qe1 Nh5 12. f5 g5 13. Qe3 f6 14. h4 h6 15. hxg5 hxg5 16. Bc4+ Kg7 17. d5 Ne5 18. Nxe5 fxe5 19. Nf3 Qe7 20. Rac1 Nf4 21. g3 Nh5 22. Kg2 Bd7 23. Bb3 c6 24. dxc6 Bxc6 25. Rc5 Bxe4 26. Rxe5 Qxe5 27. Qf2 Rxf5 28. Bd1 g4 0-1

[Event "Karl Wagner Memorial 5th"]
[Site "Graz"]
[Date "1998.09.11"]
[Round "7.32"]
[White "Aschenbrenner, Robert"]
[Black "Romaszko, Sylwia"]
[Result "0-1"]
[WhiteElo "2210"]
[BlackElo "2065"]
[PlyCount "98"]
[EventDate "1998.09.??"]
[EventType "swiss"]
[EventRounds "9"]
[EventCountry "AUT"]
[SourceTitle "EXT 1999"]
[Source "ChessBase"]
[SourceDate "1998.11.16"]
[SourceVersion "1"]
[SourceVersionDate "1998.11.16"]
[SourceQuality "1"]

1. e4 e5 2. Nf3 Nc6 3. Bc4 Nf6 4. d4 exd4 5. Ng5 Ne5 6. Bb3 h6 7. f4 hxg5 8. fxe5 Nxe4 9. Bd5 Nc5 10. 0-0 Ne6 11. Qf3 Qe7 12. Na3 g4 13. Qxg4 c6 14. Bxe6 dxe6 15. Qf3 Qc7 16. Nc4 b6 17. Bg5 Ba6 18. Nd6+ Bxd6 19. exd6 Qd7 20. Rf2 f6 21. Bxf6 Qxd6 22. Bh4 Rf8 23. Qh5+ Kd7 24. Rf7+ Rxf7 25. Qxf7+ Kc8 26. Qxg7 Qd7 27. Qf6 Kb7 28. Re1 Re8 29. Re4 c5 30. Rg4 Ka8 31. Qf3+ Bb7 32. Qg3 e5 33. Rg7 Qc6 34. Qg6 Qxg6 35. Rxg6 Be4 36. Rd6 Bxc2 37. Rd8+ Rxd8 38. Bxd8 e4 39. Kf1 Bb1 40. a4 Kb7 41. Ke2 Kc6 42. g4 Kd5 43. Bh4 e3 44. Kf3 Bc2 45. Be1 Bd1+ 46. Kf4 Kc4 47. g5 Kd3 48. g6 Ke2 49. g7 Bb3 0-1

[Event "Karl Wagner Memorial 5th"]
[Site "Graz"]
[Date "1998.09.06"]
[Round "2.23"]
[White "Romaszko, Sylwia"]
[Black "Alienkin, Aleksander"]
[Result "0-1"]
[WhiteElo "2065"]
[BlackElo "2365"]
[PlyCount "80"]
[EventDate "1998.09.??"]
[EventType "swiss"]
[EventRounds "9"]
[EventCountry "AUT"]
[SourceTitle "EXT 1999"]
[Source "ChessBase"]
[SourceDate "1998.11.16"]
[SourceVersion "1"]
[SourceVersionDate "1998.11.16"]
[SourceQuality "1"]

1. d4 Nf6 2. c4 e6 3. Nc3 Bb4 4. a3 Bxc3+ 5. bxc3 c5 6. f3 d5 7. cxd5 Nxd5 8. Qd3 0-0 9. e4 Nb6 10. Be3 Na4 11. Qd2 Qa5 12. Bd3 b6 13. Ne2 Ba6 14. Bxa6 Nxa6 15. 0-0 Nc7 16. Rfc1 Rad8 17. Rc2 Nb5 18. Qc1 Naxc3 19. Nxc3 Nxc3 20. Bg5 cxd4 21. Bxd8 Rxd8 22. Qd2 b5 23. Rac1 e5 24. Kh1 Re8 25. f4 f6 26. fxe5 fxe5 27. Ra1 Rd8 28. Rcc1 Qa4 29. Qg5 Re8 30. Qg4 Qc4 31. Qd7 Qf7 32. Qc6 Rf8 33. Re1 h6 34. Qc5 Nxe4 35. Qxb5 Nf2+ 36. Kg1 e4 37. Rf1 e3 38. Rad1 d3 39. Rfe1 Nxd1 40. Rxd1 Qf2+ 0-1

[Event "POL-ch U20 Girls"]
[Site "Trzebinia"]
[Date "1998.??.??"]
[Round "7"]
[White "Romaszko, Sylwia"]
[Black "Szymanowska, Karolina"]
[Result "0-1"]
[WhiteElo "2080"]
[BlackElo "2100"]
[PlyCount "84"]
[EventDate "1998.??.??"]
[EventType "tourn"]
[EventRounds "11"]
[EventCountry "POL"]
[SourceTitle "EXT 2000"]
[Source "ChessBase"]
[SourceDate "1999.11.16"]
[SourceVersion "1"]
[SourceVersionDate "1999.11.16"]
[SourceQuality "1"]

1. d4 Nf6 2. c4 g6 3. Nc3 d5 4. Nf3 Bg7 5. Bg5 Ne4 6. cxd5 Nxg5 7. Nxg5 e6 8. Qa4+ Bd7 9. Qb3 Qxg5 10. Qxb7 0-0 11. e3 c5 12. Qxa8 cxd4 13. Ne4 Qe5 14. Bd3 dxe3 15. 0-0 Qd4 16. Rad1 exd5 17. Bb1 Qb6 18. Qxd5 e2 19. b3 exf1R+ 20. Kxf1 Qb5+ 21. Kg1 Qxd5 22. Rxd5 Rc8 23. Rd1 Bh6 24. f4 Bf5 25. Nf6+ Kg7 26. Bxf5 gxf5 27. Rd6 Kh8 28. Nd5 Bf8 29. Rf6 Kg7 30. Rxf5 h6 31. Nf6 Kg6 32. g4 Rc5 33. Nd5 Nc6 34. Rh5 Nb4 35. f5+ Kg7 36. Nf4 Bd6 37. Ne2 Rc2 38. Kf1 Nd5 39. Nd4 Rc1+ 40. Kf2 Bc5 41. Kf3 Bxd4 42. Ke4 Nf6+ 0-1

[Event "POL-ch U20 Girls"]
[Site "Trzebinia"]
[Date "1998.??.??"]
[Round "6"]
[White "Zawadzka, Magdalena"]
[Black "Romaszko, Sylwia"]
[Result "1-0"]
[WhiteElo "2050"]
[BlackElo "2080"]
[PlyCount "101"]
[EventDate "1998.??.??"]
[EventType "tourn"]
[EventRounds "11"]
[EventCountry "POL"]
[SourceTitle "EXT 2000"]
[Source "ChessBase"]
[SourceDate "1999.11.16"]
[SourceVersion "1"]
[SourceVersionDate "1999.11.16"]
[SourceQuality "1"]

1. e4 e5 2. Nf3 Nc6 3. Bc4 Nf6 4. d3 h6 5. Bb3 g6 6. Nbd2 Bg7 7. Nf1 d5 8. exd5 Nxd5 9. Ng3 0-0 10. 0-0 Kh7 11. Re1 f5 12. Ba4 Nde7 13. Bd2 Qd6 14. Bc3 Nd5 15. Bd2 Bd7 16. c3 Rae8 17. h3 Nb6 18. Bc2 Nd8 19. a4 c5 20. a5 Nd5 21. Nf1 Ne6 22. Ne3 Nxe3 23. Bxe3 Bc6 24. Ba4 Rd8 25. Bc2 Bb5 26. c4 Bc6 27. Nh2 e4 28. dxe4 Bxb2 29. exf5 gxf5 30. Qxd6 Rxd6 31. Rad1 Rxd1 32. Rxd1 Nd4 33. Bd3 Kg7 34. Bf4 Kf6 35. Bxh6 Rg8 36. Bf1 Be4 37. g3 Bc3 38. Be3 Nb3 39. a6 bxa6 40. Rd6+ Ke7 41. Rxa6 Ra8 42. Ra3 Bc2 43. Bg2 Rb8 44. Rxa7+ Ke8 45. Bc6+ Kf8 46. Bd5 Rb6 47. h4 Nd4 48. h5 Ne2+ 49. Kg2 Bd4 50. Bg5 Nc3 51. Ra8+ 1-0

[Event "MK Cafe Cup-B"]
[Site "Koszalin"]
[Date "1997.??.??"]
[Round "9"]
[White "Bienkowski, Gabriel"]
[Black "Romaszko, Sylwia"]
[Result "1-0"]
[WhiteElo "2105"]
[BlackElo "2065"]
[PlyCount "95"]
[EventDate "1997.??.??"]
[EventType "swiss"]
[EventRounds "10"]
[EventCountry "POL"]
[SourceTitle "EXT 2000"]
[Source "ChessBase"]
[SourceDate "1999.11.16"]
[SourceVersion "1"]
[SourceVersionDate "1999.11.16"]
[SourceQuality "1"]

1. Nf3 f5 2. e4 fxe4 3. Ng5 Nf6 4. d3 e5 5. dxe4 h6 6. Nf3 Bb4+ 7. c3 Bc5 8. Bc4 Nc6 9. 0-0 d6 10. h3 Ne7 11. b4 Bb6 12. Nbd2 Ng6 13. Nb3 Qe7 14. a4 a6 15. a5 Ba7 16. Qd3 Be6 17. Bxe6 Qxe6 18. c4 0-0 19. b5 Ne7 20. bxa6 bxa6 21. Bd2 Rfb8 22. Rfb1 Rb7 23. Nc1 Rab8 24. Rxb7 Rxb7 25. Na2 Nd7 26. Nb4 Nc5 27. Qc2 Qg6 28. Re1 c6 29. Bc3 Bb8 30. Nd3 Nxd3 31. Qxd3 Ba7 32. Rb1 Rxb1+ 33. Qxb1 Bc5 34. Qb7 Kf8 35. Bxe5 Qxe4 36. Qb8+ Kf7 37. Bxd6 Bxd6 38. Qxd6 Ng6 39. Qd7+ Kf6 40. Nd4 Ne7 41. Qd6+ Kf7 42. c5 Qe1+ 43. Kh2 Qxf2 44. Nf3 Kf8 45. Qd8+ Kf7 46. Ne5+ Kf6 47. Nf3 Qe3 48. Qd6+ 1-0

[Event "MK Cafe Cup-B"]
[Site "Koszalin"]
[Date "1997.??.??"]
[Round "6"]
[White "Romaszko, Sylwia"]
[Black "Dukaczewski, Piotr"]
[Result "0-1"]
[WhiteElo "2065"]
[BlackElo "2180"]
[PlyCount "88"]
[EventDate "1997.??.??"]
[EventType "swiss"]
[EventRounds "10"]
[EventCountry "POL"]
[SourceTitle "EXT 2000"]
[Source "ChessBase"]
[SourceDate "1999.11.16"]
[SourceVersion "1"]
[SourceVersionDate "1999.11.16"]
[SourceQuality "1"]

1. d4 Nf6 2. c4 g6 3. Nc3 Bg7 4. e4 d6 5. f3 0-0 6. Bg5 c5 7. d5 e6 8. Qd2 exd5 9. cxd5 a6 10. a4 Re8 11. Nge2 Nbd7 12. Nd1 Ne5 13. Nec3 b6 14. Be2 Rb8 15. 0-0 Qc7 16. Nf2 c4 17. Rfc1 b5 18. axb5 axb5 19. b4 h5 20. Be3 Nh7 21. Ra5 Bd7 22. Bd4 Qd8 23. Ba7 Rb7 24. Rca1 Qh4 25. R1a3 f5 26. Ra6 Nf7 27. Bd4 Bh6 28. Qd1 Bf4 29. Nh3 Be5 30. Bf2 Qf6 31. Be1 Bd4+ 32. Kh1 f4 33. Bf1 Bxh3 34. gxh3 Be3 35. h4 Nf8 36. Ra8 Rxa8 37. Rxa8 g5 38. Ra2 Ng6 39. hxg5 Nxg5 40. h4 Nf7 41. Qe2 Kh7 42. Ra5 Nxh4 43. Nxb5 Ne5 44. Nxd6 Rg7 0-1

[Event "MK Cafe Cup-B"]
[Site "Koszalin"]
[Date "1997.??.??"]
[Round "5"]
[White "Romaszko, Sylwia"]
[Black "Puszczewicz, Krzysztof"]
[Result "1/2-1/2"]
[WhiteElo "2065"]
[BlackElo "2160"]
[PlyCount "42"]
[EventDate "1997.??.??"]
[EventType "swiss"]
[EventRounds "10"]
[EventCountry "POL"]
[SourceTitle "EXT 2000"]
[Source "ChessBase"]
[SourceDate "1999.11.16"]
[SourceVersion "1"]
[SourceVersionDate "1999.11.16"]
[SourceQuality "1"]

1. e4 c5 2. Nc3 Nc6 3. g3 g6 4. Bg2 Bg7 5. d3 d6 6. f4 e6 7. Nf3 Nge7 8. 0-0 0-0 9. Be3 Nd4 10. Rb1 Nec6 11. Qd2 Nxf3+ 12. Bxf3 Bd4 13. Bxd4 Nxd4 14. Bg2 Rb8 15. Ne2 Nxe2+ 16. Qxe2 b6 17. c3 d5 18. exd5 exd5 19. Qe5 Bb7 20. Rfe1 Qe8 21. Qxe8 Rfxe8 1/2-1/2

[Event "POL-ch (Women)"]
[Site "Brzeg Dolny"]
[Date "1996.??.??"]
[Round "5"]
[White "Blimke, Dalia"]
[Black "Romaszko, Sylwia"]
[Result "1/2-1/2"]
[WhiteElo "2150"]
[BlackElo "2050"]
[PlyCount "32"]
[EventDate "1996.??.??"]
[EventType "tourn"]
[EventRounds "13"]
[EventCountry "POL"]
[SourceTitle "EXT 1998"]
[Source "ChessBase"]
[SourceDate "1997.11.17"]
[SourceVersion "1"]
[SourceVersionDate "1997.11.17"]
[SourceQuality "1"]

1. e4 c5 2. Nc3 Nc6 3. Nf3 e5 4. Bc4 d6 5. d3 Be7 6. Nd2 Bg5 7. h4 Bh6 8. Nf1 Bxc1 9. Qxc1 Be6 10. Nd5 Bxd5 11. Bxd5 Nge7 12. Ne3 Nxd5 13. Nxd5 0-0 14. g4 Ne7 15. Nxe7+ Qxe7 16. c4 a6 1/2-1/2

[Event "Biel-JTO"]
[Site "Biel"]
[Date "1996.??.??"]
[Round "4"]
[White "Jenni, Florian"]
[Black "Romaszko, Sylwia"]
[Result "1-0"]
[WhiteElo "2215"]
[BlackElo "2050"]
[PlyCount "69"]
[EventDate "1996.07.??"]
[EventType "swiss"]
[EventRounds "7"]
[EventCountry "SUI"]
[SourceTitle "EXT 1997"]
[Source "ChessBase"]
[SourceDate "1996.11.15"]
[SourceVersion "1"]
[SourceVersionDate "1996.11.15"]
[SourceQuality "1"]

1. e4 e5 2. Nf3 Nc6 3. Bc4 Nf6 4. Ng5 d5 5. exd5 Nd4 6. c3 b5 7. Bf1 Nxd5 8. h4 h6 9. Nxf7 Kxf7 10. cxd4 exd4 11. Qf3+ Kg8 12. Bxb5 Qe7+ 13. Kd1 Qc5 14. Na3 c6 15. Bc4 h5 16. Qd3 Be6 17. Re1 Rh6 18. Nc2 Nf4 19. Bxe6+ Rxe6 20. Qb3 Rae8 21. d3 Nd5 22. Bg5 Kh8 23. Rxe6 Rxe6 24. Qc4 Qxc4 25. dxc4 Nb4 26. Nxb4 Bxb4 27. Bd2 Be7 28. g3 Bf6 29. Rb1 Kh7 30. Kc2 c5 31. Kd3 Bd8 32. Re1 Rc6 33. Re8 Bb6 34. Bf4 Bc7 35. Rc8 1-0

[Event "POL-ch (Women)"]
[Site "Brzeg Dolny"]
[Date "1996.??.??"]
[Round "4"]
[White "Romaszko, Sylwia"]
[Black "Gazik, Renata"]
[Result "1-0"]
[WhiteElo "2050"]
[BlackElo "2115"]
[PlyCount "75"]
[EventDate "1996.??.??"]
[EventType "tourn"]
[EventRounds "13"]
[EventCountry "POL"]
[SourceTitle "EXT 1998"]
[Source "ChessBase"]
[SourceDate "1997.11.17"]
[SourceVersion "1"]
[SourceVersionDate "1997.11.17"]
[SourceQuality "1"]

1. d4 Nf6 2. c4 e6 3. Nc3 Bb4 4. a3 Bxc3+ 5. bxc3 c5 6. f3 Nc6 7. e4 d6 8. Ne2 b6 9. Bg5 h6 10. Be3 e5 11. d5 Ne7 12. Ng3 h5 13. h4 g6 14. Bd3 Nh7 15. Qc2 Bd7 16. a4 f6 17. Qd2 Qc8 18. Rf1 f5 19. f4 0-0 20. fxe5 dxe5 21. Bg5 Qe8 22. exf5 Nxf5 23. Ne4 Rf7 24. a5 Qf8 25. Qb2 Rb8 26. axb6 axb6 27. Ra6 Ne7 28. Rxf7 Qxf7 29. Rxb6 Rxb6 30. Qxb6 Nxg5 31. Nf6+ Kg7 32. hxg5 Bf5 33. Bxf5 gxf5 34. Qxc5 Kg6 35. d6 Kxg5 36. dxe7 Kxf6 37. Qd6+ Kg7 38. Qxe5+ 1-0

[Event "POL-ch (Women)"]
[Site "Brzeg Dolny"]
[Date "1996.??.??"]
[Round "3"]
[White "Romaszko, Sylwia"]
[Black "Kludacz, Magdalena"]
[Result "1-0"]
[WhiteElo "2050"]
[BlackElo "2105"]
[PlyCount "121"]
[EventDate "1996.??.??"]
[EventType "tourn"]
[EventRounds "13"]
[EventCountry "POL"]
[SourceTitle "EXT 1998"]
[Source "ChessBase"]
[SourceDate "1997.11.17"]
[SourceVersion "1"]
[SourceVersionDate "1997.11.17"]
[SourceQuality "1"]

1. e4 c6 2. d4 d5 3. e5 Bf5 4. h4 h5 5. c4 e6 6. Nc3 Ne7 7. Bg5 Qb6 8. b3 dxc4 9. Bxc4 Nd5 10. Nce2 Bb4+ 11. Kf1 Nd7 12. a3 Be7 13. Nh3 Qc7 14. Qc1 N7b6 15. Ng3 Bg6 16. f3 Nxc4 17. bxc4 Bd3+ 18. Kg1 Nb6 19. c5 Nd5 20. Nf2 Bg6 21. Nge4 f6 22. Bf4 Nxf4 23. Qxf4 Rd8 24. Nd6+ Bxd6 25. exd6 Qd7 26. Re1 0-0 27. g4 Rde8 28. Rh3 b6 29. Rg3 Qf7 30. gxh5 Bxh5 31. Qe4 e5 32. Qxc6 Rc8 33. Qb5 Qd5 34. Qd7 Qf7 35. Qxf7+ Rxf7 36. Rc1 exd4 37. c6 Rff8 38. d7 Rc7 39. Ne4 f5 40. Nd6 Rd8 41. Nxf5 Kf7 42. Nd6+ Ke6 43. Nb5 Rdxd7 44. Re1+ Kf6 45. cxd7 Rxd7 46. Rd1 d3 47. Kf2 Bf7 48. Ke3 Bc4 49. Nc3 b5 50. Ne4+ Kf7 51. Rdg1 Kf8 52. Rg5 d2 53. Rf5+ Ke8 54. Re5+ Kf8 55. Nf2 Bb3 56. Nd1 Bc2 57. Rxb5 Rd3+ 58. Ke2 Rxa3 59. Kxd2 Bxd1 60. Rxd1 Rxf3 61. Rb8+ 1-0

[Event "Krakow festival 7th"]
[Site "Krakow"]
[Date "1996.??.??"]
[Round "2"]
[White "Romaszko, Sylwia"]
[Black "Sutor, Marek"]
[Result "0-1"]
[WhiteElo "2050"]
[BlackElo "2205"]
[PlyCount "128"]
[EventDate "1996.??.??"]
[EventType "swiss"]
[EventRounds "9"]
[EventCountry "POL"]
[SourceTitle "EXT 2001"]
[Source "ChessBase"]
[SourceDate "2000.11.22"]
[SourceVersion "1"]
[SourceVersionDate "2000.11.22"]
[SourceQuality "1"]

1. d4 Nf6 2. c4 g6 3. Nc3 Bg7 4. e4 d6 5. f3 0-0 6. Bg5 Nc6 7. Nge2 a6 8. d5 Ne5 9. Nd4 c5 10. Nc2 h6 11. Be3 e6 12. Be2 exd5 13. cxd5 b5 14. a3 Qc7 15. 0-0 Re8 16. Rc1 Bb7 17. Qd2 h5 18. b3 Rac8 19. Nd1 Qd8 20. Nf2 Rb8 21. Bg5 Qd7 22. Be3 Qe7 23. Bg5 Bc8 24. Rfe1 Qa7 25. Be3 Qb7 26. Bf1 Ra8 27. h3 a5 28. Qe2 b4 29. axb4 axb4 30. Ra1 Rxa1 31. Rxa1 Ned7 32. Ra5 Nb6 33. Qb5 Bd7 34. Qa6 Qc7 35. Qa7 Qxa7 36. Rxa7 Ra8 37. Ra6 Rxa6 38. Bxa6 Na8 39. Bb7 Nc7 40. e5 Nfxd5 41. exd6 Nxe3 42. Nxe3 Nb5 43. Nc4 Be6 44. Bc6 Bxc4 45. d7 Bf6 46. bxc4 Nd4 47. Bd5 Ne2+ 48. Kf1 Nc3 49. Ke1 Kf8 50. Kd2 Ke7 51. Nd3 Nxd5 52. cxd5 Kd6 53. Nb2 Kxd5 54. Kd3 Kd6 55. Nd1 Be7 56. Kc4 Kxd7 57. Kd5 Kc7 58. g4 hxg4 59. hxg4 Kb7 60. f4 Ka6 61. Kc4 Ka5 62. Nb2 Kb6 63. Nd3 Bd6 64. Kd5 Be7 0-1

[Event "POL-chT U18"]
[Site "Poland"]
[Date "1996.??.??"]
[Round "?"]
[White "Zaremba, Dorota"]
[Black "Romaszko, Sylwia"]
[Result "1/2-1/2"]
[WhiteElo "2100"]
[BlackElo "2050"]
[PlyCount "53"]
[EventDate "1996.??.??"]
[EventType "team"]
[EventRounds "11"]
[EventCountry "POL"]
[SourceTitle "EXT 1999"]
[Source "ChessBase"]
[SourceDate "1998.11.16"]
[SourceVersion "1"]
[SourceVersionDate "1998.11.16"]
[SourceQuality "1"]

1. e4 e5 2. Nf3 Nc6 3. Bb5 f5 4. d3 fxe4 5. dxe4 Nf6 6. 0-0 Bc5 7. Nc3 d6 8. h3 0-0 9. Qe2 Kh8 10. Be3 Bb6 11. Rad1 Bd7 12. Bc4 Qe8 13. Bxb6 axb6 14. Qe3 Nh5 15. Nd5 Rc8 16. Ne1 Be6 17. Bb3 Nd4 18. c3 Nxb3 19. axb3 Qf7 20. c4 Ra8 21. Nd3 Nf4 22. N3xf4 exf4 23. Qf3 Rae8 24. Rfe1 Bc8 25. Nc3 Re5 26. Rd5 Re7 27. Red1 1/2-1/2